|
|
|
|
| LEADER |
00000nab a2200000u 4500 |
| 001 |
vtls012066867 |
| 003 |
SK-MaSNL |
| 005 |
20260303184752.0 |
| 008 |
210826|19600128xo ||||||| ||00 ||slo| |
| 038 |
|
|
|a KEVKJB
|
| 040 |
|
|
|a KEVKJB
|b slo
|e rda
|
| 041 |
0 |
|
|a slo
|
| 043 |
|
|
|a e-xo---
|
| 044 |
|
|
|a xo
|c SK
|
| 072 |
|
7 |
|a 631
|x Poľnohospodárstvo. Pedológia. Agrotechnika. Agroekológia
|2 konspekt
|
| 080 |
|
|
|a 631.15
|2 2011
|
| 100 |
1 |
|
|a Kotík, Ota
|4 aut
|9 459264
|
| 245 |
1 |
0 |
|a Uviesť do života list ÚV KSČ
|b z výročnej členskej chôdze komunistov v Ďurďošíku
|c Ota Kotík
|
| 300 |
|
|
|b Fotografie
|
| 336 |
|
|
|a text
|b txt
|2 rdacontent
|
| 337 |
|
|
|a bez média
|b n
|2 rdamedia
|
| 338 |
|
|
|a zväzok
|b nc
|2 rdacarrier
|
| 610 |
2 |
7 |
|a Jednotné roľnícke družstvo (Ďurďošík, Slovensko)
|2 kevkjb
|9 1112594
|
| 650 |
0 |
7 |
|a poľnohospodárska výroba
|2 SNKPH
|9 973
|
| 651 |
|
7 |
|a Ďurďošík (Slovensko)
|2 SNKPHgeo
|9 30802
|
| 651 |
|
7 |
|a Košice-okolie (Slovensko : okres)
|2 SNKPHgeo
|9 146743
|
| 773 |
0 |
|
|t Východoslovenské noviny
|g Roč. III. (IX.), č. 11 (28.1.1960), s. 2
|
| 852 |
|
|
|a KEVKJB
|b KIS3GCP
|
| 999 |
|
|
|c 2128064
|d 2129994
|